| 000 | 01104pam a2200313 a 4500 | ||
|---|---|---|---|
| 001 | 2013042 | ||
| 003 | OSt | ||
| 005 | 20140310182702.0 | ||
| 008 | 910213s1991 maua b 001 0 eng | ||
| 010 | _a 91002549 | ||
| 020 | _a9812656448 | ||
| 040 |
_aDLC _cDLC _dDLC |
||
| 050 | 0 | 0 |
_aPE 1128 _b.T253 2006 |
| 082 | 0 | 0 |
_aM 428.007 _220 _bT22 2006 |
| 245 | 0 | 0 |
_aTeaching English as a second or foreign language _cCelce-Murcia, Marianne, editor |
| 250 | _a3nd ed. | ||
| 260 |
_aBoston, Mass. _bNewbury House _cc2006 |
||
| 300 |
_axxiv, 567 p. _bill. _c26 cm. |
||
| 504 | _aIncludes bibliographical references (p. 517-549) and index. | ||
| 521 | _aCollege student | ||
| 526 | _c1210L to 1700L | ||
| 541 | _j1 | ||
| 562 | _e for circulation. 1 copy available in the collection | ||
| 650 | 0 |
_aEnglish language _xStudy and teaching _xForeign speakers. |
|
| 700 | 2 | _aCelce-Murcia, Marianne. | |
| 906 |
_a7 _bcbc _corignew _d1 _eocip _f19 _gy-gencatlg |
||
| 942 |
_2lcc _cBK _kM |
||
| 999 |
_c15174 _d15174 |
||